Analýza oneskorenia v počítačových sieťach /

Guardado en:
Detalles Bibliográficos
Autor principal: Tölgyessy, Michal, 1985- (Autor)
Otros Autores: Bernát, Dušan, 1977- (Orientador)
Formato: Manuscrito Libro
Lenguaje:eslovaco
Publicado: Bratislava STU v Bratislave FIIT 2007
Etiquetas: Agregar Etiqueta
Sin Etiquetas, Sea el primero en etiquetar este registro!

MARC

LEADER 00000ntm a22000003a 4500
001 0031189
003 SK-STU
005 20180214135316.2
007 ta
008 180214s2018----xo-----f-mn---000-0-slo-d
040 |a STU  |b slo 
041 0 |a slo 
044 |a xo  |c SK 
100 1 |a Tölgyessy, Michal,  |d 1985-  |u 031000  |4 aut  |r Z4  |U FEI Fakulta elektrotechniky a informatiky  |T FEI Ústav robotiky a kybernetiky  |X 22286  |U E011  |Y 356  |7 A000022286 
245 1 0 |a Analýza oneskorenia v počítačových sieťach /  |c aut. Michal Tölgyessy ; škol. Dušan Bernát 
260 |c 2007  |a Bratislava  |b STU v Bratislave FIIT 
300 |a 48 s.  |e CD 
504 |a stu_us_auth*0050648 
700 1 |a Bernát, Dušan,  |d 1977-  |u 070400  |r Z2  |4 ths  |U FIIT Fakulta informatiky a informačných technológií  |T FIIT Ústav počítačového inžinierstva a aplikovanej informatiky  |X 1887  |U I400  |Y 672  |7 1887 
996 |c I*BAP177/07  |l II680  |s P  |a 0  |w 0031189_0001